| 000 | 01003nam a2200277Ia 4500 | ||
|---|---|---|---|
| 005 | 20220317000550.0 | ||
| 008 | 160601s2001 ck a g 000 0 spa | ||
| 020 | _a9589578349 | ||
| 082 | 0 | 4 |
_a599.938 _bU73p |
| 100 | 1 | _aUribe Uribe, Vicente | |
| 245 | 1 | 3 |
_aEl prodigio de la evolución _bdel simio ancestral al hombre moderno _cVicente Uribe Uribe |
| 250 | _a1a. edición | ||
| 300 |
_a352 páginas _bilustraciones en blanco y negro _c24 cm |
||
| 500 | _aIncluye glosario, lista de autores consultados, índice alfabético e índice de fotografías | ||
| 500 | _aIncluye datos biográficos del autor | ||
| 650 | 1 | 4 |
_2LEMB _aEvolución humana |
| 650 | 1 | 4 |
_2LEMB _aOrigen del hombre |
| 650 | 1 | 4 |
_2LEMB _aRazas humanas |
| 650 | 1 | 4 |
_2LEMB _aOrigen de la vida |
| 942 |
_2ddc _cBK |
||
| 264 |
_aBogotá _bCristina Uribe _c2001 |
||
| 336 |
_atexto _btxt _2rdacontent |
||
| 337 |
_asin mediación _bn _2rdamedia |
||
| 338 |
_avolumen _bnc _2rdacarrier |
||
| 040 |
_aCO-BoRNBP _bspa _erda _cCO-BoRNBP |
||
| 999 |
_c4409 _d4409 |
||